[Event "Hamburg State-ch U18"]
[Site "Cuxhaven"]
[Date "2005.03.15"]
[Round "5"]
[White "Boehmert, Andreas"]
[Black "Jablonowski, Christoph"]
[Result "1/2-1/2"]
[WhiteElo "1578"]
[BlackElo "1784"]
[PlyCount "43"]
[EventDate "2005.03.12"]
[EventType "swiss"]
[EventRounds "9"]
[EventCountry "GER"]
[SourceTitle "EXT 2007"]
[Source "ChessBase"]
[SourceDate "2006.11.23"]
[SourceVersion "1"]
[SourceVersionDate "2006.11.23"]
[SourceQuality "1"]

1. d4 d5 2. c4 e6 3. Nc3 Be7 4. Nf3 c6 5. Bf4 Nf6 6. e3 0-0 7. Bd3 Nbd7 8. 0-0 dxc4 9. Bxc4 Nh5 10. Bg3 Nxg3 11. hxg3 Nf6 12. Rc1 Qa5 13. a3 Bd6 14. Qd3 Qh5 15. Ne4 Nxe4 16. Qxe4 Bd7 17. Rfd1 Be7 18. Bd3 Rac8 19. Kf1 f5 20. Qe5 Bd8 21. Ke2 b6 22. Ba6 1/2-1/2

[Event "Hamburg State-ch U18"]
[Site "Cuxhaven"]
[Date "2005.03.14"]
[Round "4"]
[White "Boehmert, Andreas"]
[Black "Baselt, Joshua"]
[Result "1-0"]
[WhiteElo "1578"]
[BlackElo "1183"]
[PlyCount "59"]
[EventDate "2005.03.12"]
[EventType "swiss"]
[EventRounds "9"]
[EventCountry "GER"]
[SourceTitle "EXT 2007"]
[Source "ChessBase"]
[SourceDate "2006.11.23"]
[SourceVersion "1"]
[SourceVersionDate "2006.11.23"]
[SourceQuality "1"]

1. d4 Nf6 2. c4 g6 3. Nc3 Bg7 4. e4 0-0 5. e5 Ne8 6. f4 f6 7. Nf3 d6 8. Be2 Nc6 9. d5 Nb8 10. e6 c6 11. f5 gxf5 12. Bf4 Nc7 13. Qd2 Qe8 14. Bh6 Bxh6 15. Qxh6 Qg6 16. Qh3 b6 17. Bd3 Qg4 18. Qh6 Qg6 19. Qh3 Qg4 20. Bxf5 Qxh3 21. gxh3 Bb7 22. Rg1+ Kh8 23. 0-0-0 Rg8 24. Rxg8+ Kxg8 25. Rd4 cxd5 26. cxd5 Ne8 27. Rh4 Ng7 28. Bxh7+ Kf8 29. Bg6 Kg8 30. Bf7+ 1-0

[Event "Lucky op 2nd"]
[Site "Hamburg"]
[Date "1999.10.22"]
[Round "9"]
[White "Fischer, Juergen"]
[Black "Boehmert, Andreas"]
[Result "1-0"]
[WhiteElo "1438"]
[BlackElo "1425"]
[PlyCount "66"]
[EventDate "1999.10.??"]
[EventType "swiss"]
[EventRounds "9"]
[EventCountry "GER"]
[SourceTitle "EXT 2001"]
[Source "ChessBase"]
[SourceDate "2000.11.22"]
[SourceVersion "1"]
[SourceVersionDate "2000.11.22"]
[SourceQuality "1"]

1. d4 Nf6 2. c4 g6 3. Nc3 Bg7 4. Nf3 0-0 5. e4 d6 6. Bd3 Nbd7 7. Bf4 c5 8. d5 Qb6 9. Rb1 Ne8 10. 0-0 Ndf6 11. h3 Nc7 12. Re1 Re8 13. Qc2 Na6 14. a3 Bd7 15. e5 Nh5 16. Bh2 dxe5 17. Bxe5 Nf6 18. Ne4 Nxe4 19. Bxe4 Bxe5 20. Nxe5 Bc8 21. Re3 Qf6 22. Bd3 e6 23. Ng4 Qd8 24. Rbe1 Nc7 25. Qc3 b6 26. Nf6+ Kf8 27. Nxe8 Qxe8 28. Qh8+ Ke7 29. Qxh7 Bb7 30. dxe6 Kd6 31. exf7 Qd7 32. Qxg6+ Ne6 33. Bf5 Qc6 1-0

[Event "Lucky op 2nd"]
[Site "Hamburg"]
[Date "1999.10.19"]
[Round "6"]
[White "Boehmert, Andreas"]
[Black "Brzuska, Christina"]
[Result "1/2-1/2"]
[WhiteElo "1425"]
[BlackElo "1515"]
[PlyCount "105"]
[EventDate "1999.10.??"]
[EventType "swiss"]
[EventRounds "9"]
[EventCountry "GER"]
[SourceTitle "EXT 2001"]
[Source "ChessBase"]
[SourceDate "2000.11.22"]
[SourceVersion "1"]
[SourceVersionDate "2000.11.22"]
[SourceQuality "1"]

1. d4 Nf6 2. c4 g6 3. Nc3 Bg7 4. e4 d6 5. Be2 0-0 6. h4 h6 7. h5 g5 8. Nh3 Nh7 9. Be3 e5 10. d5 f5 11. Bd3 f4 12. Bd2 Na6 13. Qf3 Nf6 14. Qd1 Nc5 15. Bc2 Bg4 16. f3 Bxh5 17. Qe2 Be8 18. Nf2 a5 19. Nd3 Nfd7 20. Nxc5 Nxc5 21. Nd1 b6 22. Nf2 Kf7 23. Ng4 Rh8 24. Qf1 h5 25. Nf2 Bf6 26. Qg1 Bd7 27. Rh2 g4 28. fxg4 hxg4 29. Nd3 Nxe4 30. Nxe5+ Bxe5 31. Bxe4 Bxb2 32. Rb1 Be5 33. Rxh8 Qxh8 34. Qf2 Qh1+ 35. Ke2 Qh6 36. g3 f3+ 37. Kd3 Qf6 38. Rh1 Rh8 39. Rxh8 Qxh8 40. Bf4 Qf6 41. Bxe5 Qxe5 42. Qh2 b5 43. Qh7+ Qg7 44. Qh5+ Ke7 45. Qh4+ Kf8 46. Qd8+ Be8 47. cxb5 Qd7 48. Qf6+ Bf7 49. Qh8+ Bg8 50. Qf6+ Bf7 51. Qh8+ Bg8 52. Qf6+ Bf7 53. Qh8+ 1/2-1/2